000 00439nam a2200169Ia 4500
008 151213s9999 xx 000 0 und d
020 _a81-297-0462-5
100 _aTom Tietenbarg
245 _aEnvironmental and Natural Research Economics
_cTom Tietenbarg
250 _a6th
260 _aIndia
_bPearson Education
_c2003
300 _a6034 p.
650 _aEconomics
650 _aEconomics
700 _aTom Tietenbarg
999 _c3457
_d3457